[Event "Open Nuevo Centro. Jornada 3"]
[Site "Chess.com"]
[Date "2020.07.03"]
[Round "3"]
[White "Chofre Murcia, Adri�n"
[Black "Garc�a Gim�nez, Santiago"
[Result "0-1"]
[WhiteElo "1461"]
[BlackElo "1830"]
[PlyCount "72"]
[EventDate "2020.??.??"]
1. e4 e5 2. Nc3 Nf6 3. f4 d5 4. exd5 e4 5. d3 Bb4 6. Bd2 exd3 7. Bxd3 Nxd5 8.
Nxd5 Bxd2+ 9. Qxd2 Qxd5 10. O-O-O Qxa2 11. Bb5+ Ke7 12. Qb4+ Kf6 13. Qd4+ Ke7
14. Qe5+ Be6 15. Qxc7+ Kf6 16. Qc3+ Ke7 17. Qc7+ Kf6 18. Qe5+ Ke7 19. Qg5+ f6
20. Qxg7+ Bf7 21. Re1+ Kd6 22. Qxf6+ Kc5 23. Re5+ Bd5 24. Qxh8 Qa1+ 25. Kd2
Qa5+ 26. c3 Qxb5 27. Qf8+ Kb6 28. Qd8+ Kc6 29. Qc8+ Kb6 30. Qd8+ Kc6 31. Qe8+
Nd7 32. Qxa8 Qxb2+ 33. Kd3 Nxe5+ 34. Kd4 Nd7 35. Qc8+ Kd6 36. Qh8 Qd2# 0-1

[Event "Open Nuevo Centro. Jornada 3"]
[Site "Chess.com"]
[Date "2020.07.03"]
[Round "3"]
[White "Grigorev, Artur "
[Black "Mart�nez Albelda, Mariela"
[Result "1-0"]
[WhiteElo "884"]
[BlackElo "1010"]
[PlyCount "99"]
[EventDate "2020.??.??"]
1. e4 e5 2. Nf3 Nc6 3. Bc4 Bc5 4. b4 Bxb4 5. c3 Bc5 6. d4 exd4 7. O-O dxc3 8.
Bxf7+ Kxf7 9. Qd5+ Ke8 10. Qxc5 d6 11. Qxc3 Qf6 12. e5 dxe5 13. Nxe5 Nxe5 14.
Re1 Be6 15. Rxe5 Rd8 16. Bg5 Rd1+ 17. Re1 Qxc3 18. Nxc3 Rxe1+ 19. Rxe1 Kd7 20.
Be3 Nf6 21. Nb5 Bxa2 22. Nxa7 Re8 23. Rd1+ Bd5 24. Bg5 h6 25. Bxf6 gxf6 26.
Rxd5+ Ke6 27. Rd1 Kf5 28. h3 c5 29. Nb5 Rc8 30. Nd6+ Ke6 31. Nxc8 b5 32. Nb6 b4
33. Rd5 c4 34. Rb5 c3 35. Rxb4 Kd6 36. Rc4 f5 37. Rxc3 Ke5 38. Nd7+ Ke6 39.
Nc5+ Kd5 40. g4 fxg4 41. hxg4 Kd4 42. Re3 Kxc5 43. f4 Kd5 44. f5 Kd4 45. Re8
Kd5 46. f6 Kd6 47. f7 Kd7 48. f8=Q Kc6 49. Qf6+ Kd5 50. Re5+ 1-0

[Event "Open Nuevo Centro. Jornada 3"]
[Site "Chess.com"]
[Date "2020.07.03"]
[Round "3"]
[White "Garcia, Jhoel"
[Black "Lopez Mateo, Juan Carlos"
[Result "1-0"]
[WhiteElo "2330"]
[BlackElo "2036"]
[PlyCount "73"]
[EventDate "2020.??.??"]
1. d4 Nf6 2. c4 e5 3. d5 Bc5 4. e3 d6 5. Nc3 O-O 6. Bd3 c6 7. dxc6 bxc6 8. Nge2
a5 9. O-O Nbd7 10. b3 Nb6 11. Bb2 a4 12. Qc2 Bd7 13. Ng3 axb3 14. axb3 Qe7 15.
h3 g6 16. Nce4 Nxe4 17. Nxe4 Bb4 18. c5 dxc5 19. Nd2 Rfd8 20. Nf3 f6 21. Rfd1
Be6 22. Nd2 Bxd2 23. Rxd2 Rxa1+ 24. Bxa1 Nd5 25. Bc3 Nb4 26. Bxb4 cxb4 27. Qxc6
Kh8 28. Qc2 Qd7 29. e4 Qc8 30. Bc4 Rxd2 31. Qxd2 Bxc4 32. bxc4 Qxc4 33. Qd8+
Kg7 34. Qe7+ Qf7 35. Qxb4 Qd7 36. Kh2 Qe7 37. Qxe7+ 1-0

[Event "Open Nuevo Centro. Jornada 3"]
[Site "Chess.com"]
[Date "2020.07.03"]
[Round "3"]
[White "Luque Saiz, Andr�s"
[Black "Chernikov, Vladimir"
[Result "0-1"]
[WhiteElo "1935"]
[BlackElo "2255"]
[PlyCount "82"]
[EventDate "2020.??.??"]
1. e4 c5 2. Nf3 Nc6 3. Bb5 g6 4. Bxc6 dxc6 5. d3 Bg7 6. h3 e5 7. Be3 b6 8. a4
Qc7 9. O-O Nf6 10. Nbd2 O-O 11. a5 Rb8 12. Nc4 Nd7 13. Nfd2 b5 14. Na3 Qxa5 15.
Nac4 Qc7 16. Na5 f5 17. f4 fxe4 18. Nxe4 exf4 19. Bc1 Ne5 20. Bxf4 Rxf4 21.
Rxf4 Nc4 22. Nf6+ Kh8 23. Qe2 Bxh3 24. Rh4 Bxf6 25. Rxh3 Nxa5 26. Qf3 Rf8 27.
Rf1 Bd4+ 28. Kh1 Rxf3 29. Rfxf3 Bg7 30. Re3 Qd7 31. Rhf3 h5 32. Rf4 Bh6 33.
Rfe4 Bxe3 34. Rxe3 Kg7 35. Rf3 Qf5 36. b4 Qxf3 37. gxf3 cxb4 38. Kg2 b3 39.
cxb3 Nxb3 40. Kf2 a5 41. Ke3 a4 0-1

[Event "Open Nuevo Centro. Jornada 3"]
[Site "Chess.com"]
[Date "2020.07.03"]
[Round "3"]
[White "Bosch Jord�, Ricard"
[Black "Gukasov, Artem"
[Result "1-0"]
[WhiteElo "1828"]
[BlackElo "1527"]
[PlyCount "77"]
[EventDate "2020.??.??"]
1. e4 e6 2. d4 d5 3. Nd2 c5 4. exd5 exd5 5. Bb5+ Nc6 6. Ngf3 Qb6 7. Bxc6+ bxc6
8. O-O Nf6 9. Re1+ Be6 10. Ng5 cxd4 11. Nxe6 fxe6 12. Rxe6+ Kf7 13. Re1 Bb4 14.
a3 Bxd2 15. Qxd2 Rhe8 16. b4 Rxe1+ 17. Qxe1 Re8 18. Qd1 Qb5 19. Bb2 c5 20. Rb1
c4 21. Bxd4 a6 22. c3 Re6 23. a4 Qb7 24. b5 axb5 25. axb5 Nd7 26. Qg4 g6 27.
Qf4+ Nf6 28. b6 Ke7 29. Ra1 Nh5 30. Qg5+ Kd6 31. Qd8+ Qd7 32. Bc5+ Kxc5 33.
Qxd7 Rc6 34. b7 Nf4 35. b8=Q Ne2+ 36. Kh1 Ng3+ 37. hxg3 Rf6 38. Qbc8+ Kb6 39.
Qdb7# 1-0

[Event "Open Nuevo Centro. Jornada 3"]
[Site "Chess.com"]
[Date "2020.07.03"]
[Round "3"]
[White "Donate Peris, Jose Manuel"
[Black "Montesinos Diaz, Luis"
[Result "1-0"]
[WhiteElo "1574"]
[BlackElo "1853"]
[PlyCount "83"]
[EventDate "2020.??.??"]
1. d4 g6 2. e4 Bg7 3. Nf3 d6 4. c4 f5 5. Nc3 Nf6 6. Bd3 fxe4 7. Nxe4 Nxe4 8.
Bxe4 O-O 9. O-O Nc6 10. Be3 e5 11. d5 Ne7 12. Rb1 Nf5 13. Bd2 h6 14. h3 g5 15.
Nh2 Nd4 16. Be3 Nf5 17. Bd2 Qe7 18. Ng4 h5 19. Ne3 Nxe3 20. Bxe3 g4 21. hxg4
hxg4 22. g3 Qf7 23. Kg2 Bf5 24. Qd3 Qg6 25. Bxf5 Rxf5 26. Rbd1 Raf8 27. Kg1 Qh5
28. Rd2 Kf7 29. c5 Rh8 30. f4 exf4 31. Bxf4 Kg8 32. cxd6 cxd6 33. Rc2 Qh1+ 34.
Kf2 Rh2+ 35. Ke1 Re5+ 36. Bxe5 Rxc2 37. Rxh1 Rc1+ 38. Kf2 Rxh1 39. Bxg7 Kxg7
40. Qe4 Rh2+ 41. Kg1 Rxb2 42. Qd4+ 1-0

[Event "Open Nuevo Centro. Jornada 3"]
[Site "Chess.com"]
[Date "2020.07.03"]
[Round "3"]
[White "Garrido Silos, Pablo"
[Black "G�mez Alonso, �scar"
[Result "0-1"]
[WhiteElo "1371"]
[BlackElo "1786"]
[PlyCount "96"]
[EventDate "2020.??.??"]
1. e4 c5 2. c3 e6 3. d4 cxd4 4. cxd4 a6 5. Nf3 Nf6 6. Nc3 Be7 7. Bd3 d5 8. e5
Nfd7 9. O-O Nf8 10. Be3 Nc6 11. Qd2 Ng6 12. a3 Nh4 13. Be2 Nxf3+ 14. Bxf3 O-O
15. Rac1 f5 16. Be2 h6 17. g3 Qe8 18. f4 Bd7 19. Qd1 g6 20. Qd2 Kh7 21. Bf3 Rg8
22. h4 Qd8 23. Kh2 Rg7 24. Rg1 Qc7 25. Kg2 Rag8 26. Kf2 Qd8 27. Rh1 Na5 28. Qc2
Nc4 29. Be2 Nxe3 30. Kxe3 Qb6 31. Rcd1 Rc8 32. Kf2 Qa5 33. Qd2 Qb6 34. Bd3 Be8
35. Be2 Bf8 36. Bd3 Rgc7 37. Be2 Bxa3 38. bxa3 Rxc3 39. Rb1 Qa7 40. Rhc1 Rxc1
41. Rxc1 Rxc1 42. Qxc1 Qxd4+ 43. Kf3 Qe4+ 44. Kf2 Bc6 45. Bxa6 d4 46. Bf1 Qf3+
47. Kg1 Qxg3+ 48. Bg2 Qxg2# 0-1

[Event "Open Nuevo Centro. Jornada 3"]
[Site "Chess.com"]
[Date "2020.07.03"]
[Round "3"]
[White "Pallardo Lozoya, Jose Vicente"
[Black "Lloret Ramis, Juan Jos�"
[Result "1-0"]
[WhiteElo "2278"]
[BlackElo "1982"]
[PlyCount "81"]
[EventDate "2020.??.??"]
1. e4 e6 2. d4 d5 3. Nd2 Nf6 4. e5 Ne4 5. Nxe4 dxe4 6. Bc4 a6 7. c3 b5 8. Bb3
c5 9. Ne2 cxd4 10. cxd4 Bb4+ 11. Bd2 Qa5 12. Nc3 Bb7 13. a3 Bxc3 14. Bxc3 Qb6
15. Bb4 Nc6 16. Bc5 Qc7 17. Rc1 Rd8 18. Bd6 Rxd6 19. exd6 Qxd6 20. d5 Ne5 21.
O-O Nd3 22. Rc3 exd5 23. Rxd3 exd3 24. Re1+ Kf8 25. Qxd3 h5 26. Qe3 g6 27. Qd4
Rg8 28. h3 g5 29. Qa7 Bc6 30. Qb6 Qd7 31. Qxa6 Rg6 32. Qb6 d4 33. Rd1 d3 34.
Qb8+ Kg7 35. Qe5+ Kh7 36. Qe3 g4 37. Rxd3 Qf5 38. h4 g3 39. f3 Qf6 40. Qd4 Qxh4
41. Qxh4 1-0

[Event "Open Nuevo Centro. Jornada 3"]
[Site "Chess.com"]
[Date "2020.07.03"]
[Round "3"]
[White "Hip�lito Garc�a, Fabi�n"
[Black "Hern�ndez Tom�s, Efr�n"
[Result "0-1"]
[WhiteElo "555"]
[BlackElo "986"]
[PlyCount "110"]
[EventDate "2020.??.??"]
1. e4 e5 2. d4 exd4 3. Qxd4 Nc6 4. Qd1 Nf6 5. Nc3 Bc5 6. Nf3 Qe7 7. Bd3 Ng4 8.
O-O Nxf2 9. Rxf2 Bxf2+ 10. Kxf2 O-O 11. Bg5 f6 12. Nd5 Qd6 13. Bf4 Ne5 14. Bxe5
fxe5 15. c4 c6 16. Nc3 Qc5+ 17. Ke2 d6 18. Na4 Qb4 19. Qb3 Qxb3 20. axb3 Bg4
21. c5 dxc5 22. Bc4+ Kh8 23. h3 Bxf3+ 24. gxf3 b5 25. Nb6 Rab8 26. Nd7 Rbd8 27.
Nxf8 Rxf8 28. Be6 Ra8 29. Bd7 a6 30. Bxc6 Ra7 31. Ke3 Kg8 32. f4 exf4+ 33. Kxf4
Kf7 34. e5 Ke6 35. Ke4 g6 36. Bd5+ Ke7 37. Bc6 Ke6 38. Rd1 b4 39. Rd6+ Ke7 40.
Kd5 Ra8 41. Re6+ Kf7 42. Bxa8 Kg7 43. Re7+ Kh6 44. e6 Kh5 45. Rxh7+ Kg5 46. e7
Kf4 47. e8=Q Kg3 48. Qxg6+ Kf2 49. Ke4 Ke2 50. Qg3 Kd2 51. Rd7+ Kc2 52. Qc3+
Kb1 53. Rd1+ Ka2 54. Bd5 c4 55. bxc4 a5 0-1

[Event "Open Nuevo Centro. Jornada 3"]
[Site "Chess.com"]
[Date "2020.07.03"]
[Round "3"]
[White "Yuste Valenzuela, Alejandro"
[Black "Mar�n Corresa, Arturo"
[Result "0-1"]
[WhiteElo "1857"]
[BlackElo "2215"]
[PlyCount "120"]
[EventDate "2020.??.??"]
1. e4 e6 2. d4 d5 3. Nc3 Nf6 4. Bg5 Be7 5. e5 Nfd7 6. Bxe7 Qxe7 7. Qg4 O-O 8.
Bd3 a6 9. Nf3 h6 10. O-O-O c5 11. dxc5 Nc6 12. Qg3 Nxc5 13. Kb1 b5 14. h3 Bb7
15. Nh2 Rfc8 16. Ng4 Kf8 17. f4 Nxd3 18. cxd3 Nd4 19. Ne3 Qb4 20. Rc1 Rc6 21.
f5 Rac8 22. fxe6 fxe6 23. Qf2+ Kg8 24. Ne2 Nxe2 25. Qxe2 Qd4 26. Rxc6 Rxc6 27.
Nc2 Qf4 28. Rf1 Qg5 29. Qf2 Qe7 30. d4 b4 31. Ne3 Rc8 32. Ng4 a5 33. Qg3 Kh8
34. Qf2 Ba6 35. Rc1 Rf8 36. Qc2 Qg5 37. Qd1 Qf5+ 38. Ka1 Bd3 39. Qd2 Be4 40. b3
Qg6 41. Rc7 h5 42. Ne3 Rf1+ 43. Nxf1 Bxg2 44. Rc8+ Kh7 45. Ne3 Bxh3 46. Rc1 Bf5
47. Nxf5 Qxf5 48. Qc2 Qxc2 49. Rxc2 Kg6 50. a3 h4 51. axb4 axb4 52. Kb2 Kh5 53.
Rg2 g5 54. Kc2 h3 55. Rg1 Kh4 56. Kd3 h2 57. Rh1 Kh3 58. Ke3 g4 59. Kf4 g3 60.
Kf3 g2 0-1

[Event "Open Nuevo Centro. Jornada 3"]
[Site "Chess.com"]
[Date "2020.07.03"]
[Round "3"]
[White "Donate Moreno, Silvia"
[Black "Casado Andreu, David"
[Result "1-0"]
[WhiteElo "1802"]
[BlackElo "1499"]
[PlyCount "113"]
[EventDate "2020.??.??"]
1. e4 e5 2. Nf3 Nc6 3. Bb5 a6 4. Ba4 b5 5. Bb3 Nf6 6. d3 Bc5 7. O-O O-O 8. c3
Bb6 9. h3 d6 10. Re1 Ne7 11. Bg5 Ng6 12. Nbd2 h6 13. Bxf6 Qxf6 14. Nf1 c6 15.
d4 Nf4 16. Ng3 Qg6 17. Nh4 Qg5 18. Nf3 Qg6 19. Kh1 Be6 20. Bc2 Rad8 21. Qd2 Qf6
22. Bd1 c5 23. d5 Bd7 24. c4 bxc4 25. a4 a5 26. Qc3 Qg6 27. Qxc4 f5 28. Ra3
fxe4 29. Qxe4 Qf6 30. Rb3 Bc7 31. Rb7 Rc8 32. Re3 Ng6 33. Nh5 Qf7 34. Ng3 Ne7
35. Reb3 Nf5 36. Nxf5 Bxf5 37. Qh4 Bd8 38. Rxf7 Bxh4 39. Rxf8+ Rxf8 40. Nxh4
Bd7 41. Rb7 Bxa4 42. Bxa4 Rxf2 43. Kg1 Rd2 44. Bc6 Rd1+ 45. Kf2 Rd2+ 46. Kf3
Rd3+ 47. Ke2 Rd4 48. Nf5 Rf4 49. Nxd6 Rf6 50. Ne4 Rf4 51. Nxc5 Rc4 52. Nd3 Rc2+
53. Kf3 e4+ 54. Kxe4 Rxg2 55. d6 Re2+ 56. Kd4 Rh2 57. d7 1-0

[Event "Open Nuevo Centro. Jornada 3"]
[Site "Chess.com"]
[Date "2020.07.03"]
[Round "3"]
[White "Vega Guti�rrez, Sabrina"
[Black "Valma�a Cant�, Jaime"
[Result "1-0"]
[WhiteElo "2138"]
[BlackElo "2414"]
[PlyCount "121"]
[EventDate "2020.??.??"]
1. e4 c5 2. Nf3 Nc6 3. d4 cxd4 4. Nxd4 Nf6 5. Nc3 e5 6. Ndb5 d6 7. Bg5 a6 8.
Na3 b5 9. Nd5 Be7 10. Bxf6 Bxf6 11. c4 b4 12. Nc2 a5 13. g3 O-O 14. Bg2 Be7 15.
O-O Be6 16. Qd3 Qb8 17. Kh1 Bd8 18. f4 a4 19. Nce3 Nd4 20. Nf5 Bxd5 21. exd5
Nxf5 22. Qxf5 g6 23. Qd3 Bf6 24. f5 e4 25. Bxe4 Bxb2 26. Rab1 Bg7 27. Qd2 b3
28. axb3 a3 29. f6 Bh8 30. Bc2 Qd8 31. Qf4 Re8 32. Ra1 Re5 33. h4 Qb6 34. Bd1
a2 35. h5 Rf5 36. Qxf5 gxf5 37. Rf4 Qd4 38. Rxd4 Bxf6 39. Rxa2 Rxa2 40. Rf4 Ra1
41. Rf1 Be5 42. Kg2 Rc1 43. Be2 Rc3 44. Rf3 Rc2 45. Kf1 Kg7 46. Rxf5 Kh6 47.
Rxf7 Bxg3 48. Rf6+ Kg5 49. Rf3 Kh4 50. b4 Rb2 51. b5 Be5 52. Bd1 Rb1 53. Ke2
Bd4 54. Rf4+ Kg3 55. Rxd4 Rb2+ 56. Rd2 Rb4 57. Kd3 Rb1 58. Kc3 Rc1+ 59. Bc2 Ra1
60. b6 Ra7 61. bxa7 1-0

[Event "Open Nuevo Centro. Jornada 3"]
[Site "Chess.com"]
[Date "2020.07.03"]
[Round "3"]
[White "Martinez Hernandez, Paula"
[Black "Remolar Gallen, Jose"
[Result "1/2-1/2"]
[WhiteElo "2039"]
[BlackElo "2316"]
[PlyCount "128"]
[EventDate "2020.??.??"]
1. e4 d6 2. d4 Nf6 3. Nc3 g6 4. f3 Bg7 5. Be3 Nbd7 6. Nge2 c5 7. Qd2 h5 8.
O-O-O Rb8 9. e5 cxd4 10. Bxd4 dxe5 11. Bxe5 Ne4 12. Nxe4 Bxe5 13. Qd5 Qb6 14.
N2c3 O-O 15. g4 h4 16. Kb1 Bg7 17. Qb3 Ne5 18. Qxb6 axb6 19. Nd5 Nxf3 20. Nxe7+
Kh8 21. Nxc8 Rbxc8 22. Bd3 Ne5 23. Be2 Rfe8 24. Nd6 Nc6 25. Nxe8 Rxe8 26. Bb5
Re4 27. h3 Rb4 28. Bxc6 Rxb2+ 29. Kc1 bxc6 30. Rd8+ Kh7 31. Re1 Rxa2 32. Ree8
Bc3 33. Kd1 Ra1+ 34. Ke2 Re1+ 35. Kd3 Rxe8 36. Rxe8 Bb4 37. Rb8 Bc5 38. Rc8 f5
39. gxf5 gxf5 40. Rxc6 Kg7 41. Ke2 Kf7 42. Kf3 Ke7 43. Kf4 Kd7 44. Rg6 b5 45.
Kxf5 b4 46. Ke5 Be7 47. Kd5 Bd8 48. Rg7+ Be7 49. Rh7 Kd8 50. Kc6 Bg5 51. Kb5
Be7 52. Kc4 Kd7 53. Rxe7+ Kxe7 54. Kxb4 Kd6 55. Kc4 Ke5 56. Kc5 Kf4 57. Kd6 Kg3
58. c4 Kxh3 59. c5 Kg2 60. c6 h3 61. c7 h2 62. c8=Q h1=Q 63. Qc6+ Kh2 64. Qxh1+
Kxh1 1/2-1/2

[Event "Open Nuevo Centro. Jornada 3"]
[Site "Chess.com"]
[Date "2020.07.03"]
[Round "3"]
[White "Benday�n Claros, Aaron"
[Black "Macias Pino, Diego"
[Result "0-1"]
[WhiteElo "1847"]
[BlackElo "2196"]
[PlyCount "124"]
[EventDate "2020.??.??"]
1. d4 d5 2. e3 Nf6 3. Bd3 a6 4. Nd2 c5 5. c3 Nc6 6. f4 Bg4 7. Ngf3 e6 8. O-O
Qc7 9. Qe1 cxd4 10. exd4 Qxf4 11. Ne4 Qc7 12. Nxf6+ gxf6 13. Qh4 Bxf3 14. Rxf3
Be7 15. Bh6 f5 16. Qh5 Rg8 17. Bf4 Qb6 18. Qxh7 Rxg2+ 19. Kxg2 Qxb2+ 20. Rf2
Qxa1 21. Qg8+ Bf8 22. Bh6 O-O-O 23. Bxf8 Qxc3 24. Qxf7 Qxd3 25. Qxe6+ Kb8 26.
Qxf5 Qxd4 27. Bh6 Rg8+ 28. Kh3 Ka8 29. Rf3 Rh8 30. Kg2 Nb8 31. Bg5 Rg8 32. h4
Nc6 33. Kh3 Qc4 34. Qf7 Rc8 35. h5 Ne5 36. Qf5 Nxf3 37. Qxf3 Qe4 38. Kg3 Qe6
39. h6 Rg8 40. Kh4 Qg6 41. Qf4 d4 42. a3 d3 43. a4 Re8 44. Kg3 Re4 45. Qf8+ Ka7
46. Qc5+ Kb8 47. Qf8+ Ka7 48. Qc5+ Ka8 49. Qf8+ Re8 50. Qf4 Rc8 51. a5 Qh7 52.
Qe3 Qg6 53. Kh4 Rh8 54. Qf4 Re8 55. Kg3 Qe4 56. Qf7 Rc8 57. h7 Qd4 58. Bf6 Qd6+
59. Kh4 d2 60. h8=Q Rxh8+ 61. Bxh8 d1=Q 62. Qe8+ Qb8 0-1

[Event "Open Nuevo Centro. Jornada 3"]
[Site "Chess.com"]
[Date "2020.07.03"]
[Round "3"]
[White "Perez Garcia, Jose Miguel"
[Black "Roca Cruz, Rafael"
[Result "0-1"]
[WhiteElo "2142"]
[BlackElo "1840"]
[PlyCount "146"]
[EventDate "2020.??.??"]
1. d4 b5 2. Nf3 Bb7 3. e4 Bxe4 4. Bxb5 Nf6 5. Nbd2 Bb7 6. Bd3 e6 7. O-O Be7 8.
Qe2 O-O 9. c3 d6 10. Re1 Nbd7 11. Nf1 c5 12. Be3 Rc8 13. Rad1 cxd4 14. Nxd4 Nc5
15. Bc2 Ba6 16. Qf3 Bb7 17. Qh3 g6 18. Bh6 Re8 19. Ne3 Be4 20. f3 Bxc2 21.
Nexc2 Nd5 22. c4 Nc7 23. Qg4 Bf6 24. Be3 Bg7 25. b3 f5 26. Qg3 e5 27. Nc6 Qd7
28. N6b4 f4 29. Bxf4 exf4 30. Qxf4 Rxe1+ 31. Nxe1 Be5 32. Qd2 Qf7 33. g3 Qe8
34. f4 Ne4 35. Qc2 Bc3 36. Nbd3 Bd4+ 37. Kg2 Nc5 38. Nf3 Nxd3 39. Qxd3 Bc5 40.
Re1 Qf8 41. Ng5 Re8 42. Re4 Rxe4 43. Nxe4 Ne6 44. Qd5 Qf7 45. Kf3 Nd4+ 46. Kg2
Qxd5 47. cxd5 Kf7 48. Ng5+ Kg7 49. Ne4 h6 50. g4 a5 51. h3 Kf7 52. Kf1 Nf3 53.
Kg2 Ne1+ 54. Kf1 Nc2 55. Ke2 Nb4 56. a3 Nxd5 57. Kf3 Bxa3 58. Nd2 Ke6 59. Nc4
Bb4 60. Ke4 Nc3+ 61. Kf3 Nb5 62. Ke4 Nc7 63. f5+ gxf5+ 64. gxf5+ Kf6 65. Ne3
d5+ 66. Kf4 d4 67. Ng4+ Kg7 68. Ke4 h5 69. Ne5 Bc3 70. Nf3 Kf6 71. h4 Ne8 72.
Ne5 Nd6+ 73. Kd3 Kxe5 0-1

[Event "Open Nuevo Centro. Jornada 3"]
[Site "Chess.com"]
[Date "2020.07.03"]
[Round "3"]
[White "Gimenez Saiz, Jose Raul"
[Black "Sampedro Roig, Josep Francesc"
[Result "1/2-1/2"]
[WhiteElo "1547"]
[BlackElo "1819"]
[PlyCount "127"]
[EventDate "2020.??.??"]
1. d4 Nf6 2. e3 d5 3. Bd3 Bg4 4. f3 Bd7 5. f4 e6 6. Nf3 Be7 7. O-O O-O 8. Ne5
Nc6 9. c3 Nxe5 10. fxe5 Ne4 11. Nd2 f5 12. exf6 Nxf6 13. e4 dxe4 14. Nxe4 Nxe4
15. Bxe4 Rxf1+ 16. Qxf1 c6 17. Qd3 h6 18. Bh7+ Kh8 19. Be3 Bg5 20. Bxg5 Qxg5
21. Rf1 Re8 22. Bg6 Rd8 23. Qe4 Qd5 24. Qf4 e5 25. dxe5 Be6 26. b3 Qd2 27. Qxd2
Rxd2 28. Rf8+ Bg8 29. Bf7 Re2 30. Bxg8 Rxe5 31. Bc4+ Kh7 32. Bd3+ g6 33. Rf7+
Kg8 34. Rxb7 Re3 35. Bxg6 Rxc3 36. Rxa7 Re3 37. Kf2 Re6 38. Bf5 Rf6 39. g4 h5
40. h3 hxg4 41. hxg4 Kf8 42. Kg3 Rd6 43. a4 Rd5 44. a5 Rb5 45. a6 Rxb3+ 46. Kh4
Ra3 47. Ra8+ Ke7 48. a7 Kf7 49. Kg5 Kg7 50. Rc8 Rxa7 51. Rxc6 Kf8 52. Rd6 Rg7+
53. Kf4 Rf7 54. Rd7 Rf6 55. Kg5 Ra6 56. Kh5 Rb6 57. g5 Rb5 58. Kg6 Rb6+ 59. Kh7
Rb5 60. Be6 Rxg5 61. Ra7 Rg1 62. Kh6 Ke8 63. Rg7 Rxg7 64. Kxg7 1/2-1/2

[Event "Open Nuevo Centro. Jornada 3"]
[Site "Chess.com"]
[Date "2020.07.03"]
[Round "4"]
[White "Casado Andreu, David"
[Black "Hern�ndez Tom�s, Efr�n"
[Result "1-0"]
[WhiteElo "1500"]
[BlackElo "985"]
[PlyCount "29"]
[EventDate "2020.??.??"]
1. e4 e5 2. Nf3 Nf6 3. Nxe5 Qe7 4. d4 d6 5. Nf3 Nxe4 6. Be2 Nc6 7. c3 d5 8. O-O
Bf5 9. Re1 O-O-O 10. Nbd2 Nxd2 11. Nxd2 Qg5 12. Nf3 Qg6 13. Nh4 Qf6 14. Nxf5
Qxf5 15. Bg4 1-0

[Event "Open Nuevo Centro. Jornada 3"]
[Site "Chess.com"]
[Date "2020.07.03"]
[Round "4"]
[White "Hip�lito Garc�a, Fabi�n"
[Black "Elenkov Olmo, Ivan"
[Result "0-1"]
[WhiteElo "536"]
[BlackElo "932"]
[PlyCount "46"]
[EventDate "2020.??.??"]
1. e4 e5 2. Nf3 Nc6 3. Nc3 Nf6 4. Bc4 Bc5 5. d3 Ng4 6. Kf1 Nxf2 7. Bg5 f6 8.
Bxf6 gxf6 9. Qe2 Nxh1 10. d4 Bxd4 11. Nxd4 Nxd4 12. Qh5+ Ke7 13. Qf7+ Kd6 14.
Qd5+ Ke7 15. Qe6+ Nxe6 16. Bxe6 dxe6 17. Ke2 Rg8 18. Rxh1 Rxg2+ 19. Kf3 Rxc2
20. Rd1 Qe8 21. Nb5 Qh5+ 22. Ke3 Qxd1 23. Nxc7 Qe2# 0-1

[Event "Open Nuevo Centro. Jornada 3"]
[Site "Chess.com"]
[Date "2020.07.03"]
[Round "4"]
[White "Grigorev, Artur "
[Black "Garrido Silos, Pablo"
[Result "0-1"]
[WhiteElo "882"]
[BlackElo "1372"]
[PlyCount "40"]
[EventDate "2020.??.??"]
1. e4 e6 2. Nf3 d5 3. d3 dxe4 4. dxe4 Qxd1+ 5. Kxd1 Nc6 6. Bb5 Bd7 7. Ne5 Nxe5
8. Bxd7+ Nxd7 9. Nc3 O-O-O 10. Be3 Bb4 11. Bxa7 Bxc3 12. bxc3 b6 13. Kd2 Nc5+
14. Ke3 Kb7 15. Bxb6 cxb6 16. Rab1 Nf6 17. f4 Nfxe4 18. g4 Nxc3 19. Rb3 Nxb3
20. axb3 Rhe8 0-1

[Event "Open Nuevo Centro. Jornada 3"]
[Site "Chess.com"]
[Date "2020.07.03"]
[Round "4"]
[White "Donate Peris, Jose Manuel"
[Black "Salvador Buiza, Victor"
[Result "0-1"]
[WhiteElo "1571"]
[BlackElo "1838"]
[PlyCount "46"]
[EventDate "2020.??.??"]
1. d4 d5 2. c4 c6 3. cxd5 cxd5 4. Nf3 Nf6 5. Nc3 e6 6. Bg5 Be7 7. e3 O-O 8. Bd3
Nc6 9. a3 Bd7 10. O-O Rc8 11. Rc1 a6 12. h3 Na5 13. Ne2 Nc4 14. Nd2 Nxb2 15.
Qb3 Nxd3 16. Qxd3 Qa5 17. Bxf6 Bxf6 18. Rc3 Bb5 19. Nb3 Bxd3 20. Nxa5 Rxc3 21.
Nxc3 Bxf1 22. Kxf1 b6 23. Nb7 Be7 0-1

[Event "Open Nuevo Centro. Jornada 3"]
[Site "Chess.com"]
[Date "2020.07.03"]
[Round "4"]
[White "Donate Moreno, Silvia"
[Black "Mingarro Carceller, Sergi"
[Result "0-1"]
[WhiteElo "1798"]
[BlackElo "2064"]
[PlyCount "50"]
[EventDate "2020.??.??"]
1. e4 c5 2. Nf3 d6 3. c4 Nc6 4. d4 cxd4 5. Nxd4 g6 6. Nc3 Nxd4 7. Qxd4 Nf6 8.
Be2 Bg7 9. Be3 O-O 10. Qd2 a5 11. O-O a4 12. f3 Qa5 13. Rfd1 Be6 14. Rab1 Rfc8
15. b3 axb3 16. axb3 Nd7 17. Bd4 Bxd4+ 18. Qxd4 Qb4 19. Bd3 Ra3 20. Bc2 Nc5 21.
Nb5 Ra2 22. Qf2 f5 23. Nd4 fxe4 24. Nxe6 Nxe6 25. Bxe4 Rxf2 0-1

[Event "Open Nuevo Centro. Jornada 3"]
[Site "Chess.com"]
[Date "2020.07.03"]
[Round "4"]
[White "Sim� Serrano, Javier"
[Black "Hip�lito Garc�a, Dar�o"
[Result "1-0"]
[WhiteElo "713"]
[BlackElo "677"]
[PlyCount "33"]
[EventDate "2020.??.??"]
1. d4 d5 2. Bf4 Nf6 3. e3 Bd7 4. Bd3 Na6 5. Nc3 e6 6. Nf3 Qe7 7. Bg5 g6 8. Bxf6
Qxf6 9. Bb5 c6 10. Bxa6 bxa6 11. h4 Bg7 12. h5 gxh5 13. Rxh5 O-O 14. Ne5 Qd8
15. Rh1 a5 16. Qh5 f6 17. Qxh7# 1-0

[Event "Open Nuevo Centro. Jornada 3"]
[Site "Chess.com"]
[Date "2020.07.03"]
[Round "4"]
[White "Gukasov, Artem"
[Black "URSARIU, NIKOLAS VICTOR"
[Result "1-0"]
[WhiteElo "1529"]
[BlackElo "1010"]
[PlyCount "49"]
[EventDate "2020.??.??"]
1. e4 e5 2. Nf3 Nc6 3. Bc4 Bc5 4. O-O Nf6 5. Nc3 O-O 6. d3 d6 7. Be3 Bb6 8.
Bxb6 axb6 9. Nd5 Nxd5 10. Bxd5 Be6 11. c4 Bxd5 12. cxd5 Nd4 13. Nxd4 exd4 14.
f4 c6 15. dxc6 bxc6 16. f5 Qf6 17. g3 d5 18. Qh5 dxe4 19. dxe4 Rfe8 20. Rfe1 c5
21. Qf3 Re7 22. e5 Rxe5 23. Rxe5 Qxe5 24. Qxa8+ Qe8 25. Qxe8# 1-0

[Event "Open Nuevo Centro. Jornada 3"]
[Site "Chess.com"]
[Date "2020.07.03"]
[Round "4"]
[White "M�ndez Gim�nez , N�stor Emmanuel"
[Black "Teply Koutsky, David"
[Result "0-1"]
[WhiteElo "1143"]
[BlackElo "1585"]
[PlyCount "66"]
[EventDate "2020.??.??"]
1. e4 e6 2. d4 d5 3. e5 c5 4. c3 Nc6 5. Nf3 Bd7 6. Be3 Nge7 7. dxc5 Ng6 8. Bd3
Ngxe5 9. Nxe5 Nxe5 10. O-O Qc7 11. Bf4 Bxc5 12. Qe2 Bd6 13. Bg3 Nxd3 14. Bxd6
Qxd6 15. Qxd3 a6 16. Nd2 Bb5 17. Qd4 Bxf1 18. Rxf1 O-O 19. Ne4 Qc6 20. Nf6+
gxf6 21. Qxf6 e5 22. Qxe5 Qg6 23. Qxd5 b5 24. h3 Rad8 25. Qf3 Rfe8 26. Kh2 Re5
27. g3 Rd3 28. Qa8+ Kg7 29. Qxa6 Qxa6 30. a3 Re2 31. Kg2 Qc6+ 32. Kg1 Rxg3+ 33.
Kh2 Qg2# 0-1

[Event "Open Nuevo Centro. Jornada 3"]
[Site "Chess.com"]
[Date "2020.07.03"]
[Round "4"]
[White "SIMARRO PEIR�, ANDR�S"
[Black "Beneyto de Ramon, Guillermo"
[Result "0-1"]
[WhiteElo "998"]
[BlackElo "1519"]
[PlyCount "106"]
[EventDate "2020.??.??"]
1. e4 Nf6 2. Nc3 e5 3. Nf3 Nc6 4. Bb5 Nd4 5. Nxe5 Nxb5 6. Nf3 Nxc3 7. dxc3 d6
8. Qe2 Qe7 9. Bd2 Qxe4 10. Qxe4+ Nxe4 11. O-O Nxd2 12. Nxd2 Be7 13. Rfe1 Be6
14. Ne4 O-O 15. Ng3 Bf6 16. Nh5 Rfe8 17. Nxf6+ gxf6 18. Re3 Kh8 19. Re4 Bxa2
20. Rxe8+ Rxe8 21. h3 Bd5 22. Rxa7 Re2 23. Ra8+ Kg7 24. c4 Bxc4 25. b3 Bd5 26.
c4 Bc6 27. Rc8 Rb2 28. Rxc7 Rxb3 29. Re7 Rc3 30. Re3 Rxe3 31. fxe3 d5 32. c5
Kg6 33. Kf2 Kf5 34. Kf3 d4+ 35. e4+ Bxe4+ 36. Ke2 d3+ 37. Ke3 Ke5 38. g4 f5 39.
gxf5 Bxf5 40. Kd2 Kd4 41. h4 Be4 42. h5 f5 43. Kd1 Kc3 44. Kc1 d2+ 45. Kd1 Bc2+
46. Ke2 d1=Q+ 47. Ke3 Qd3+ 48. Kf2 Bd1 49. Kg2 Qf3+ 50. Kg1 Qe2 51. h6 f4 52.
c6 f3 53. c7 Qg2# 0-1

[Event "Open Nuevo Centro. Jornada 3"]
[Site "Chess.com"]
[Date "2020.07.03"]
[Round "4"]
[White "Valma�a Cant�, Jaime"
[Black "Castellano L�pez, Javier"
[Result "1-0"]
[WhiteElo "2415"]
[BlackElo "1829"]
[PlyCount "43"]
[EventDate "2020.??.??"]
1. e4 c6 2. Nc3 d5 3. Nf3 Bg4 4. h3 Bxf3 5. Qxf3 e6 6. g3 Nd7 7. Qe2 Bd6 8. Bg2
dxe4 9. Nxe4 Be7 10. O-O Ngf6 11. c3 O-O 12. d4 Nxe4 13. Bxe4 Nf6 14. Bc2 Re8
15. h4 Bf8 16. h5 h6 17. Bf4 Qd5 18. Be5 Nd7 19. Qd3 f5 20. Bf4 c5 21. Bb3 Qc6
22. d5 1-0